| 000 | 00665nam a2200205 i 4500 | ||
|---|---|---|---|
| 001 | 124483 | ||
| 003 | ES-MaACL | ||
| 007 | t| | ||
| 008 | 070328s1929 sp ||||1| spa d | ||
| 100 | 1 |
_aBurgerstein, Leo. _932629 |
|
| 245 | 1 | 0 |
_aHigiene escolar / _cLeo Burgerstein ; traducción de Eugenio Jaumandreu y Luis Sánchez Sarto. |
| 260 |
_aBarcelona : _bLabor, _c[1929] |
||
| 300 |
_a220 p., XII p. de lám. : _bil. ; _c17 cm. |
||
| 490 | 1 |
_aColección Labor ; _v204 |
|
| 700 | 1 |
_aJaumandreu Puig, Eugenio. _966176 |
|
| 700 | 1 |
_aSánchez Sarto, Luis. _9102930 |
|
| 830 | 0 | 0 |
_aColección Labor _v204 _9184254 |
| 852 |
_aES-MaACL _jE-2719 |
||
| 999 |
_c124483 _d124483 |
||